[Event "Rated Blitz game"]
[Site "?"]
[Date "2021.06.08"]
[Round "?"]
[White "Salimskyi"]
[Black "TrispiosReturns"]
[Result "1-0"]
[WhiteElo "2512"]
[BlackElo "2538"]
[PlyCount "97"]
[EventDate "2021.??.??"]
[EventType "blitz"]
[TimeControl "180"]

1. e4 e5 2. Nf3 Nc6 3. Nc3 Nf6 4. Nxe5 Nxe5 5. d4 Bb4 6. dxe5 Nxe4 7. Qd4 Bxc3+
8. bxc3 Ng5 9. Ba3 d6 10. exd6 O-O 11. Bd3 Re8+ 12. Kf1 cxd6 13. Qxd6 Qa5 14.
Qc5 Qd8 15. h4 Ne6 16. Qh5 g6 17. Qh6 Qf6 18. Re1 Bd7 19. Bc1 Bc6 20. h5 Nf8
21. Rxe8 Rxe8 22. Bd2 Qe6 23. hxg6 fxg6 24. Rh3 Qxa2 25. Re3 Rxe3 26. Qxe3 Qd5
27. f3 b6 28. Qe2 Qd7 29. Be3 Bd5 30. Bd4 Ne6 31. Be5 Nc5 32. Qe3 Qe6 33. Qf4
a5 34. c4 Bc6 35. Bd4 Qf7 36. Qe5 Kf8 37. Bxc5+ bxc5 38. Qxc5+ Kg7 39. Qxc6 a4
40. Qxa4 Qf6 41. Qa7+ Kh6 42. Qe3+ g5 43. Kf2 Qa1 44. g4 Qf6 45. Qe4 Qb6+ 46.
c5 Qd6 47. cxd6 Kg7 48. Qe7+ Kh6 49. Qxh7# {Normal} 1-0

[Event "Rated Blitz game"]
[Site "?"]
[Date "2021.06.08"]
[Round "?"]
[White "SureDo"]
[Black "Moskvin_Tolik"]
[Result "0-1"]
[WhiteElo "2304"]
[BlackElo "2439"]
[PlyCount "56"]
[EventDate "2021.??.??"]
[EventType "blitz"]
[TimeControl "180+2"]

1. e4 e5 2. Nf3 Nc6 3. Nc3 Nf6 4. Nxe5 Nxe5 5. d4 Ng6 6. e5 Bb4 7. exf6 Qxf6 8.
Be3 O-O 9. Qd2 d5 10. a3 Bxc3 11. Qxc3 Re8 12. O-O-O Bf5 13. f3 c5 14. g4 Bd7
15. Bf2 c4 16. h4 b5 17. h5 Nf8 18. Bg3 a5 19. Be5 Qe7 20. Qd2 b4 21. Qf4 bxa3
22. Bd6 axb2+ 23. Kb1 Qe3 24. Qxe3 Rxe3 25. Kxb2 a4 26. Rh3 a3+ 27. Ka2 Ba4 28.
Rd2 Bb3+ {Normal} 0-1

[Event "Rated Blitz game"]
[Site "?"]
[Date "2021.06.08"]
[Round "?"]
[White "manerolocrazo"]
[Black "t_tamas"]
[Result "1-0"]
[WhiteElo "2426"]
[BlackElo "2325"]
[PlyCount "65"]
[EventDate "2021.??.??"]
[EventType "blitz"]
[TimeControl "180"]

1. e4 e5 2. Nf3 Nc6 3. Nc3 Nf6 4. Nxe5 Nxe5 5. d4 Ng6 6. e5 Ng8 7. f4 d5 8. Bd3
N8e7 9. O-O Bf5 10. g4 Bxd3 11. Qxd3 Nc6 12. f5 Nge7 13. f6 Ng6 14. Bg5 Qd7 15.
e6 fxe6 16. f7+ Qxf7 17. Rxf7 Kxf7 18. Re1 Be7 19. Rf1+ Ke8 20. Bxe7 Ngxe7 21.
Qe3 Kd7 22. Rf7 Rhg8 23. Ne2 Nd8 24. Rf1 Ng6 25. Nc1 Re8 26. Nd3 Re7 27. h4 Nc6
28. h5 Nh8 29. Ne5+ Kd6 30. c4 Nxe5 31. Qxe5+ Kd7 32. cxd5 Nf7 33. Rxf7 {Normal
} 1-0

[Event "Rated Blitz game"]
[Site "?"]
[Date "2021.06.08"]
[Round "?"]
[White "brunosten"]
[Black "alfredogto"]
[Result "1-0"]
[WhiteElo "2537"]
[BlackElo "2361"]
[PlyCount "159"]
[EventDate "2021.??.??"]
[EventType "blitz"]
[TimeControl "180"]

1. e4 e5 2. Nf3 Nc6 3. Nc3 Nf6 4. Nxe5 Nxe5 5. d4 Nc6 6. d5 Nb8 7. e5 Bb4 8.
exf6 Qxf6 9. Bd2 O-O 10. Be2 d6 11. O-O Bf5 12. a3 Ba5 13. Nb5 Bb6 14. Bc3 Qg6
15. Nd4 Bxd4 16. Qxd4 Nd7 17. Bh5 Qh6 18. Rac1 Nf6 19. Bf3 Rfe8 20. Rfe1 Qg5
21. h4 Qg6 22. Qf4 Rxe1+ 23. Rxe1 Bxc2 24. Re7 Qf5 25. Qxf5 Bxf5 26. Bxf6 gxf6
27. Rxc7 Rb8 28. h5 Kg7 29. g4 Bd3 30. Kg2 f5 31. g5 a6 32. Kg3 Be4 33. Rd7 b5
34. Rxd6 a5 35. h6+ Kf8 36. Bh5 Rb7 37. f4 b4 38. axb4 axb4 39. Rd8+ Ke7 40.
Rh8 Bxd5 41. Rxh7 Rc7 42. Bxf7 Bxf7 43. g6 Kf8 44. Rxf7+ Rxf7 45. gxf7 Kxf7 46.
Kh4 Kg6 47. h7 Kxh7 48. Kg5 Kg7 49. Kxf5 Kf7 50. Ke5 Ke7 51. f5 Kf7 52. b3 Ke7
53. f6+ Kf7 54. Kf5 Kf8 55. Ke6 Ke8 56. Kd5 Kf7 57. Kc5 Kxf6 58. Kxb4 Ke7 59.
Kc5 Kd8 60. Kb6 Kc8 61. Ka7 Kc7 62. b4 Kc6 63. Ka6 Kc7 64. b5 Kb8 65. Kb6 Kc8
66. Ka7 Kd7 67. b6 Kc6 68. b7 Kc5 69. b8=Q Kc4 70. Qb6 Kd3 71. Qc5 Ke2 72. Qd4
Ke1 73. Qc3+ Kf1 74. Qd2 Kg1 75. Kb6 Kh1 76. Kc5 Kg1 77. Kd4 Kf1 78. Ke3 Kg1
79. Kf3 Kh1 80. Qg2# {Normal} 1-0

[Event "Rated Blitz game"]
[Site "?"]
[Date "2021.06.08"]
[Round "?"]
[White "Niemans"]
[Black "sdirektor"]
[Result "0-1"]
[WhiteElo "2406"]
[BlackElo "2368"]
[PlyCount "42"]
[EventDate "2021.??.??"]
[EventType "blitz"]
[TimeControl "180"]

1. e4 e5 2. Nf3 Nc6 3. Nc3 Nf6 4. Nxe5 Nxe5 5. d4 Ng6 6. e5 Ng8 7. Bc4 d6 8.
Qf3 f6 9. O-O dxe5 10. dxe5 Nxe5 11. Re1 Be7 12. Rxe5 fxe5 13. Qf7+ Kd7 14.
Qxg7 Nf6 15. Bg5 Qf8 16. Rd1+ Ke8 17. Bxf6 Qxf6 18. Qg3 c6 19. Ne4 Qf4 20. Qd3
Bf5 21. g3 Qxe4 {Normal} 0-1

[Event "Rated Blitz game"]
[Site "?"]
[Date "2021.06.08"]
[Round "?"]
[White "Din-don-dan"]
[Black "Capitan-FE"]
[Result "0-1"]
[WhiteElo "2391"]
[BlackElo "2467"]
[PlyCount "118"]
[EventDate "2021.??.??"]
[EventType "blitz"]
[TimeControl "180"]

1. e4 e5 2. Nf3 Nc6 3. Nc3 Nf6 4. Nxe5 Nxe5 5. d4 Ng6 6. e5 Ng8 7. Bc4 d6 8.
Qf3 Qd7 9. O-O dxe5 10. dxe5 c6 11. Re1 Qc7 12. Ne4 Be6 13. Nd6+ Bxd6 14. exd6
Qxd6 15. Bxe6 fxe6 16. Bg5 Nf6 17. Bxf6 O-O 18. Rad1 Qc7 19. Rxe6 Rxf6 20. Rxf6
gxf6 21. Qxf6 Rf8 22. Qe6+ Qf7 23. Qxf7+ Rxf7 24. g3 Re7 25. Kf1 Ne5 26. f4 Nc4
27. Rd8+ Kg7 28. b3 Ne3+ 29. Kf2 Nxc2 30. g4 Nb4 31. a3 Nd5 32. f5 Nf6 33. h3
h5 34. Kf3 hxg4+ 35. hxg4 Nd7 36. g5 Kf7 37. Rh8 Nc5 38. f6 Re5 39. Kf4 Nd3+
40. Kg4 Re1 41. Rh7+ Kg8 42. Rxb7 a5 43. Kf5 Rf1+ 44. Ke6 Nc5+ 45. Ke7 Nxb7 46.
g6 Nd6 47. Kxd6 Rxf6+ 48. Kc5 Rxg6 49. Kb6 Kf7 50. Kxa5 Ke7 51. Kb6 Kd7 52. Kb7
Rg3 53. a4 Rxb3+ 54. Ka6 c5 55. a5 c4 56. Ka7 c3 57. a6 c2 58. Ka8 c1=Q 59. a7
Qc8# {Normal} 0-1

[Event "Rated Blitz game"]
[Site "?"]
[Date "2021.06.08"]
[Round "?"]
[White "jole99"]
[Black "Congoman"]
[Result "1-0"]
[WhiteElo "2307"]
[BlackElo "2406"]
[PlyCount "59"]
[EventDate "2021.??.??"]
[EventType "blitz"]
[TimeControl "180"]

1. e4 e5 2. Nf3 Nf6 3. Nc3 Nc6 4. Nxe5 Nxe5 5. d4 Ng6 6. e5 Ng8 7. Qf3 Bb4 8.
Bc4 d5 9. Bxd5 Qe7 10. Bxb7 Bxb7 11. Qxb7 Rd8 12. O-O Rxd4 13. Be3 Bxc3 14.
Bxd4 Bxd4 15. Rad1 c5 16. Qb5+ Kf8 17. Qb8+ Qe8 18. Qd6+ N8e7 19. Rfe1 Bxe5 20.
Rxe5 Nxe5 21. Qxe5 f6 22. Qxc5 Kf7 23. Qxa7 Qc6 24. Rd7 Re8 25. c3 Kf8 26. h3
Nf5 27. Qc7 Qxc7 28. Rxc7 Re1+ 29. Kh2 Re2 30. Rb7 {Time forfeit} 1-0

[Event "Rated Blitz game"]
[Site "?"]
[Date "2021.06.08"]
[Round "?"]
[White "jole99"]
[Black "Zol46"]
[Result "1/2-1/2"]
[WhiteElo "2305"]
[BlackElo "2409"]
[PlyCount "124"]
[EventDate "2021.??.??"]
[EventType "blitz"]
[TimeControl "180"]

1. e4 e5 2. Nf3 Nc6 3. Nc3 Nf6 4. Nxe5 Nxe5 5. d4 Nc6 6. d5 Nb8 7. e5 Ng8 8. d6
cxd6 9. exd6 Nf6 10. Bf4 Nc6 11. Nb5 Qa5+ 12. Bd2 Qa4 13. Nc7+ Kd8 14. Nxa8
Bxd6 15. Be2 Re8 16. O-O Qh4 17. g3 Qh3 18. Bf3 Nd4 19. Bg2 Qg4 20. Qxg4 Nxg4
21. h3 Nf6 22. Be3 Nxc2 23. Rac1 Nxe3 24. fxe3 Rxe3 25. g4 b6 26. Rfd1 Bc5 27.
Kh1 Ne4 28. Re1 Nf2+ 29. Kh2 Rd3 30. a3 Rd2 31. b4 Bd6+ 32. Kg1 Nd3 33. Red1
Rxg2+ 34. Kxg2 Nxc1 35. Rxc1 Bb7+ 36. Kf2 Bxa8 37. h4 Bc6 38. h5 h6 39. Re1 Be7
40. Ke3 Bf6 41. Kf4 Kc7 42. Kf5 d5 43. Rd1 Kd6 44. Re1 Bd7+ 45. Kf4 d4 46. Ke4
Bc6+ 47. Kd3 Bb5+ 48. Ke4 d3 49. Rd1 Bg5 50. a4 Bxa4 51. Rxd3+ Ke6 52. Ra3 Bc6+
53. Kd4 a5 54. bxa5 bxa5 55. Rxa5 Bf3 56. Rb5 Bxg4 57. Ke4 Bxh5 58. Rb6+ Ke7
59. Kf5 Bg6+ 60. Rxg6 fxg6+ 61. Kxg6 Ke6 62. Kh5 Kf5 {Normal} 1/2-1/2

[Event "Rated Blitz game"]
[Site "?"]
[Date "2021.06.08"]
[Round "?"]
[White "Niemans"]
[Black "Pochochino"]
[Result "1-0"]
[WhiteElo "2418"]
[BlackElo "2394"]
[PlyCount "33"]
[EventDate "2021.??.??"]
[EventType "blitz"]
[TimeControl "180"]

1. e4 e5 2. Nf3 Nc6 3. Nc3 Nf6 4. Nxe5 Nxe5 5. d4 Bb4 6. dxe5 Nxe4 7. Qg4 Nxc3
8. Qxb4 Nd5 9. Qg4 g6 10. Bg5 d6 11. Qh4 Qd7 12. exd6 O-O 13. O-O-O Qc6 14. Bh6
Bf5 15. Bd3 Bxd3 16. Rxd3 Rfe8 17. Qd4 {Normal} 1-0

[Event "Rated Blitz game"]
[Site "?"]
[Date "2021.06.08"]
[Round "?"]
[White "Niemans"]
[Black "sdirektor"]
[Result "1-0"]
[WhiteElo "2405"]
[BlackElo "2369"]
[PlyCount "91"]
[EventDate "2021.??.??"]
[EventType "blitz"]
[TimeControl "180"]

1. e4 e5 2. Nf3 Nc6 3. Nc3 Nf6 4. Nxe5 Nxe5 5. d4 Nc6 6. d5 Ne5 7. f4 Ng6 8. e5
Bb4 9. exf6 Qxf6 10. Qf3 O-O 11. Be2 d6 12. Bd2 Bf5 13. O-O-O Rfe8 14. g4 Bxc3
15. Qxc3 Qxc3 16. Bxc3 Nxf4 17. Bb5 Bxg4 18. Rdg1 h5 19. h3 Ne2+ 20. Bxe2 Bxe2
21. Rxg7+ Kf8 22. Rh7 Ke7 23. Re1 Kd7 24. Rxf7+ Kc8 25. a4 b6 26. Rf2 Kb7 27.
Rexe2 Rxe2 28. Rxe2 Rg8 29. Kd2 Rg5 30. Ke3 Rxd5 31. Kf4 c5 32. Re7+ Ka6 33. b3
Rd1 34. Re2 d5 35. Bf6 d4 36. Kg5 Rc1 37. Kxh5 b5 38. axb5+ Kxb5 39. Kg6 a5 40.
h4 a4 41. bxa4+ Kc4 42. h5 d3 43. cxd3+ Kxd3 44. Rh2 c4 45. h6 c3 46. h7 {
Normal} 1-0

[Event "Rated Blitz game"]
[Site "?"]
[Date "2021.06.07"]
[Round "?"]
[White "Horween"]
[Black "MasterTol"]
[Result "1-0"]
[WhiteElo "2360"]
[BlackElo "2430"]
[PlyCount "55"]
[EventDate "2021.??.??"]
[EventType "blitz"]
[TimeControl "180"]

1. e4 e5 2. Nf3 Nc6 3. Nc3 Nf6 4. Nxe5 Nxe5 5. d4 Nc6 6. d5 d6 7. dxc6 bxc6 8.
Bd3 Be7 9. O-O O-O 10. f4 Rb8 11. Rb1 Nd7 12. Be3 c5 13. Nd5 Bb7 14. c4 Re8 15.
Qg4 Nf6 16. Qh3 Bc8 17. Qg3 c6 18. Nc3 Be6 19. b3 Qa5 20. Rbc1 Bf8 21. e5 dxe5
22. fxe5 Nd7 23. Ne4 Kh8 24. Ng5 f6 25. Nxh7 Nxe5 26. Qh4 Kg8 27. Nxf6+ gxf6
28. Qh7# {Normal} 1-0

[Event "Rated Blitz game"]
[Site "?"]
[Date "2021.06.07"]
[Round "?"]
[White "khalid_ontawar"]
[Black "Dr_Bledow"]
[Result "0-1"]
[WhiteElo "2422"]
[BlackElo "2520"]
[PlyCount "36"]
[EventDate "2021.??.??"]
[EventType "blitz"]
[TimeControl "180"]

1. e4 e5 2. Nc3 Nf6 3. Nf3 Nc6 4. Nxe5 Nxe5 5. d4 Nc6 6. d5 Ne5 7. f4 Ng6 8. e5
Ng8 9. d6 cxd6 10. exd6 Qf6 11. Nb5 Nxf4 12. Nc7+ Kd8 13. Nxa8 Qe5+ 14. Kf2
Bxd6 15. Be3 Nf6 16. Bxf4 Qxf4+ 17. Qf3 Ne4+ 18. Ke2 Qd2# {Normal} 0-1

[Event "Rated Blitz tournament 2bxuiSiE"]
[Site "?"]
[Date "2021.06.07"]
[Round "?"]
[White "sim13a"]
[Black "Khusenkhojaev"]
[Result "1-0"]
[WhiteElo "2288"]
[BlackElo "2565"]
[PlyCount "35"]
[EventDate "2021.??.??"]
[EventType "blitz"]
[TimeControl "180"]

1. e4 e5 2. Nf3 Nc6 3. Nc3 Nf6 4. Nxe5 Nxe5 5. d4 Nc6 6. d5 Nb8 7. e5 Ng8 8. d6
Nc6 9. Nb5 cxd6 10. exd6 Bxd6 11. Nxd6+ Kf8 12. Bc4 Ne5 13. Bb3 Nh6 14. O-O Qf6
15. Qd5 Nf5 16. Nxf5 Qxf5 17. Re1 d6 18. Qxd6+ {Normal} 1-0

[Event "Rated Blitz game"]
[Site "?"]
[Date "2021.06.07"]
[Round "?"]
[White "khalid_ontawar"]
[Black "AMR25"]
[Result "1-0"]
[WhiteElo "2404"]
[BlackElo "2496"]
[PlyCount "103"]
[EventDate "2021.??.??"]
[EventType "blitz"]
[TimeControl "180"]

1. e4 e5 2. Nf3 Nc6 3. Nc3 Nf6 4. Nxe5 Nxe5 5. d4 Nc6 6. d5 Be7 7. dxc6 dxc6 8.
Bd3 O-O 9. O-O Ng4 10. h3 Ne5 11. f4 Bc5+ 12. Kh2 Nxd3 13. Qxd3 Qxd3 14. cxd3
f5 15. e5 Be6 16. Rf3 Rad8 17. Be3 Bxe3 18. Rxe3 Rd4 19. Ne2 Rd5 20. d4 Rfd8
21. Rc1 Kf7 22. b4 Rb5 23. a3 Rbd5 24. Kg3 h6 25. Kf2 g5 26. g3 Kg6 27. Ke1 a5
28. Kd2 axb4 29. axb4 Ra8 30. Rc5 Ra2+ 31. Rc2 Ra4 32. Kc3 Ra1 33. Nc1 Rb5 34.
Nd3 Ra3+ 35. Kd2 Rd5 36. Nc5 Rxd4+ 37. Ke2 Rxe3+ 38. Kxe3 Rxb4 39. Nxe6 Rb3+
40. Kf2 Kf7 41. Nxc7 Ke7 42. Rd2 g4 43. hxg4 fxg4 44. e6 h5 45. Rd7+ Kf6 46. e7
Rb2+ 47. Ke3 Rb3+ 48. Kd2 Rb2+ 49. Kc3 Re2 50. e8=Q Rxe8 51. Nxe8+ Ke6 52. Rh7
{Normal} 1-0

[Event "Rated Blitz game"]
[Site "?"]
[Date "2021.06.07"]
[Round "?"]
[White "Gigantesdeacero"]
[Black "Rashad2018"]
[Result "1-0"]
[WhiteElo "2621"]
[BlackElo "2588"]
[PlyCount "101"]
[EventDate "2021.??.??"]
[EventType "blitz"]
[TimeControl "180+2"]

1. e4 e5 2. Nf3 Nf6 3. Nc3 Nc6 4. Nxe5 Nxe5 5. d4 Ng6 6. e5 Ng8 7. Bc4 d5 8.
Nxd5 Be6 9. Ne3 Bxc4 10. Nxc4 c5 11. Qf3 cxd4 12. Qxb7 Rc8 13. Bd2 Qc7 14. Qxc7
Rxc7 15. b3 Nh6 16. O-O Bc5 17. Bxh6 gxh6 18. g3 O-O 19. a3 Re7 20. Rfe1 Rfe8
21. b4 Bb6 22. f4 f6 23. e6 f5 24. Nd6 Rf8 25. Kg2 Rf6 26. a4 Rfxe6 27. Rxe6
Rxe6 28. Nxf5 Re2+ 29. Kf3 Rxc2 30. a5 Bc7 31. Nxd4 Rxh2 32. Rc1 Bd6 33. Rc8+
Kf7 34. Nc6 h5 35. Ke4 h4 36. gxh4 Rxh4 37. Ra8 Rxf4+ 38. Kd3 Ne5+ 39. Nxe5+
Bxe5 40. Rxa7+ Kg6 41. b5 h5 42. b6 h4 43. Re7 Kf5 44. b7 Rb4 45. a6 h3 46.
Rxe5+ Kxe5 47. a7 Rxb7 48. a8=Q Rd7+ 49. Ke3 Rh7 50. Qe4+ Kf6 51. Qxh7 {Normal}
1-0

[Event "Rated Blitz game"]
[Site "?"]
[Date "2021.06.07"]
[Round "?"]
[White "Henry940622"]
[Black "Maybach77"]
[Result "0-1"]
[WhiteElo "2340"]
[BlackElo "2413"]
[PlyCount "80"]
[EventDate "2021.??.??"]
[EventType "blitz"]
[TimeControl "180"]

1. e4 e5 2. Nf3 Nc6 3. Nc3 Nf6 4. Nxe5 Nxe5 5. d4 Ng6 6. e5 Ng8 7. Bc4 Bb4 8.
O-O Bxc3 9. bxc3 N8e7 10. Ba3 O-O 11. f4 d6 12. h3 dxe5 13. fxe5 Be6 14. Bd3
Re8 15. Kh2 c6 16. Bd6 Qd7 17. c4 Nf5 18. Bxf5 Bxf5 19. Qf3 Bxc2 20. Rac1 Ba4
21. Rc3 c5 22. Bxc5 Bc6 23. Qg3 b6 24. Bd6 Rac8 25. d5 Bb7 26. Rcf3 Rxc4 27.
Rxf7 Qxf7 28. Rxf7 Kxf7 29. e6+ Kg8 30. Qd3 Rcc8 31. Bg3 Rcd8 32. d6 Rxe6 33.
Qc4 Nf8 34. Bh4 Rc8 35. Qb3 Bc6 36. Be7 Bd7 37. h4 h6 38. Qg3 Kh8 39. Qb3 Ng6
40. Qa3 Rc2 {Time forfeit} 0-1

[Event "Rated Blitz game"]
[Site "?"]
[Date "2021.06.07"]
[Round "?"]
[White "weeza"]
[Black "jozekspr"]
[Result "0-1"]
[WhiteElo "2446"]
[BlackElo "2413"]
[PlyCount "52"]
[EventDate "2021.??.??"]
[EventType "blitz"]
[TimeControl "180"]

1. e4 e5 2. Nf3 Nc6 3. Nc3 Nf6 4. Nxe5 Nxe5 5. d4 Ng6 6. e5 Ng8 7. Bc4 d5 8.
Bxd5 N8e7 9. Bb3 c6 10. Qf3 Be6 11. Bxe6 fxe6 12. Ne4 Nf5 13. c3 Be7 14. g4
Nfh4 15. Qh3 O-O 16. Be3 Qd5 17. Ng3 Ng2+ 18. Kd2 Nxe3 19. fxe3 Rf2+ 20. Ne2
Raf8 21. Rhf1 R8f3 22. Qh5 Rxf1 23. Nf4 Rxf4 24. exf4 Qg2+ 25. Kd3 Nxf4+ 26.
Kc4 Nxh5 {Normal} 0-1

[Event "Rated Blitz game"]
[Site "?"]
[Date "2021.06.07"]
[Round "?"]
[White "forbiddencheapos"]
[Black "Kboy1990"]
[Result "1-0"]
[WhiteElo "2411"]
[BlackElo "2239"]
[PlyCount "59"]
[EventDate "2021.??.??"]
[EventType "blitz"]
[TimeControl "300"]

1. e4 e5 2. Nf3 Nc6 3. Nc3 Nf6 4. Nxe5 Nxe5 5. d4 Nc6 6. d5 Ne5 7. f4 Ng6 8. e5
Ng8 9. d6 cxd6 10. exd6 Qb6 11. Nb5 Kd8 12. a4 a6 13. a5 Qc5 14. b4 Qxb4+ 15.
c3 Qc5 16. Nc7 Rb8 17. Nd5 Qxd6 18. Be3 Qe6 19. f5 Qxf5 20. Bb6+ Ke8 21. Qe2+
Qe6 22. Nc7+ Ke7 23. Nxe6 dxe6 24. Rd1 Bd7 25. Qd2 Bc6 26. Qd6+ Kf6 27. Bd4+
Kg5 28. h4+ Kh6 29. Be3+ Kh5 30. Be2+ {Normal} 1-0

[Event "Rated Blitz game"]
[Site "?"]
[Date "2021.06.07"]
[Round "?"]
[White "forbiddencheapos"]
[Black "akratic399"]
[Result "0-1"]
[WhiteElo "2408"]
[BlackElo "2277"]
[PlyCount "56"]
[EventDate "2021.??.??"]
[EventType "blitz"]
[TimeControl "300"]

1. e4 e5 2. Nf3 Nc6 3. Nc3 Nf6 4. Nxe5 Nxe5 5. d4 Nc6 6. d5 Bb4 7. dxc6 Nxe4 8.
Qg4 Qe7 9. Be3 Nxc3 10. Qxg7 Nd5+ 11. c3 Rf8 12. cxb4 Nxe3 13. fxe3 Qxb4+ 14.
Kf2 dxc6 15. Qe5+ Qe7 16. Qf4 Be6 17. Rd1 Bd5 18. Bd3 O-O-O 19. Bxh7 f5 20.
Bxf5+ Rxf5 21. Qxf5+ Kb8 22. Qh3 Rg8 23. Rhg1 Qf6+ 24. Ke1 Qxb2 25. g4 Rf8 26.
Qg3 Qc3+ 27. Rd2 Re8 28. Kd1 Rxe3 {Time forfeit} 0-1

[Event "Rated Blitz game"]
[Site "?"]
[Date "2021.06.06"]
[Round "?"]
[White "Niemans"]
[Black "Osvetnik67"]
[Result "0-1"]
[WhiteElo "2406"]
[BlackElo "2448"]
[PlyCount "46"]
[EventDate "2021.??.??"]
[EventType "blitz"]
[TimeControl "180"]

1. e4 e5 2. Nf3 Nf6 3. Nc3 Nc6 4. Nxe5 Nxe5 5. d4 Ng6 6. e5 Ng8 7. Bc4 f6 8.
Qf3 d6 9. O-O dxe5 10. Re1 Bd6 11. Bxg8 Rxg8 12. Qh5 Rh8 13. dxe5 fxe5 14. Bg5
Qd7 15. f4 Qf5 16. fxe5 Bc5+ 17. Kh1 h6 18. Nd5 hxg5 19. Qd1 Bb6 20. a4 g4 21.
a5 Rxh2+ 22. Kxh2 Qh5+ 23. Kg3 Qh4# {Normal} 0-1

[Event "Rated Blitz game"]
[Site "?"]
[Date "2021.06.06"]
[Round "?"]
[White "khalid_ontawar"]
[Black "Aram67-Shag"]
[Result "0-1"]
[WhiteElo "2421"]
[BlackElo "2444"]
[PlyCount "40"]
[EventDate "2021.??.??"]
[EventType "blitz"]
[TimeControl "180"]

1. e4 e5 2. Nc3 Nf6 3. Nf3 Nc6 4. Nxe5 Nxe5 5. d4 Ng6 6. e5 Ng8 7. Bc4 d5 8.
Bxd5 Bb4 9. Qf3 Bxc3+ 10. bxc3 Qe7 11. a4 Nh6 12. Ba3 Qd7 13. O-O c6 14. Bc4
Qf5 15. Qe2 Nf4 16. Qd2 Qg5 17. Qxf4 Qxf4 18. g3 Qf3 19. Bd3 Bh3 20. Be4 Qxe4 {
Normal} 0-1

[Event "Rated Blitz game"]
[Site "?"]
[Date "2021.06.06"]
[Round "?"]
[White "GoughPhar"]
[Black "Prayer791"]
[Result "1-0"]
[WhiteElo "2424"]
[BlackElo "2591"]
[PlyCount "147"]
[EventDate "2021.??.??"]
[EventType "blitz"]
[TimeControl "180"]

1. e4 e5 2. Nf3 Nf6 3. Nc3 Nc6 4. Nxe5 Nxe5 5. d4 Ng6 6. e5 Ng8 7. Bc4 d5 8.
Bxd5 c6 9. Bb3 Be6 10. Bxe6 fxe6 11. O-O Bb4 12. Ne4 N8e7 13. c3 Ba5 14. Nd6+
Kd7 15. Nxb7 Qc7 16. Nc5+ Kc8 17. Nxe6 Qd7 18. Nc5 Qd5 19. Qa4 Bb6 20. Qa6+ Kd8
21. Qb7 Rc8 22. c4 Rc7 23. Qxc7+ Kxc7 24. cxd5 Nxd5 25. Be3 Bxc5 26. dxc5 Nxe5
27. Bd4 Nc4 28. Bxg7 Rg8 29. Bd4 Nf4 30. Rac1 Ne2+ 31. Kh1 Nxc1 32. Rxc1 Nd2
33. Be3 Ne4 34. Rc4 Nf6 35. Ra4 Kb7 36. h3 Nd5 37. Re4 Ka6 38. Re6 Rc8 39. Rh6
Rc7 40. g4 Kb5 41. Kg2 a5 42. g5 a4 43. h4 Kc4 44. h5 Kd3 45. Kf3 Rf7+ 46. Kg3
Ne7 47. Rf6 Rg7 48. h6 Rg8 49. Rf7 Nd5 50. Rxh7 Nxe3 51. fxe3 Rxg5+ 52. Kf4
Rxc5 53. Rd7+ Kc2 54. Rb7 Rh5 55. h7 c5 56. e4 c4 57. e5 a3 58. bxa3 c3 59. e6
Kc1 60. Rc7 c2 61. e7 Rxh7 62. Rxc2+ Kxc2 63. e8=Q Rh4+ 64. Ke5 Kb2 65. Qf7 Rh3
66. Qg8 Kxa3 67. Kd4 Rh4+ 68. Kc3 Rh3+ 69. Kc2 Rh2+ 70. Kd3 Rh3+ 71. Kc4 Rh4+
72. Kb5 Rb4+ 73. Kc5 Rb2 74. Qa8# {Normal} 1-0

[Event "Rated Blitz game"]
[Site "?"]
[Date "2021.06.06"]
[Round "?"]
[White "khalid_ontawar"]
[Black "peshkunets"]
[Result "1-0"]
[WhiteElo "2424"]
[BlackElo "2459"]
[PlyCount "49"]
[EventDate "2021.??.??"]
[EventType "blitz"]
[TimeControl "180"]

1. e4 e5 2. Nc3 Nc6 3. Nf3 Nf6 4. Nxe5 Nxe5 5. d4 Nc6 6. d5 Nb8 7. e5 Ng8 8. d6
cxd6 9. exd6 Qf6 10. Nb5 Na6 11. Bc4 Qe5+ 12. Be3 g6 13. O-O Bg7 14. Bd4 Qxd4
15. Nxd4 Nf6 16. Re1+ Kf8 17. Nb5 Nh5 18. c3 Bf6 19. Qd5 Kg7 20. Qxf7+ Kh6 21.
h3 b6 22. g4 Nf4 23. Qxf6 Nxh3+ 24. Kg2 Ng5 25. Rh1+ {Normal} 1-0

[Event "Rated Blitz game"]
[Site "?"]
[Date "2021.06.06"]
[Round "?"]
[White "forbiddencheapos"]
[Black "IsmaelReyes"]
[Result "1-0"]
[WhiteElo "2410"]
[BlackElo "2337"]
[PlyCount "95"]
[EventDate "2021.??.??"]
[EventType "blitz"]
[TimeControl "300"]

1. e4 e5 2. Nf3 Nc6 3. Nc3 Nf6 4. Nxe5 Nxe5 5. d4 Nxe4 6. Nxe4 Ng6 7. d5 Qe7 8.
Qe2 f5 9. Ng5 Qxe2+ 10. Bxe2 Bc5 11. O-O O-O 12. Bd2 h6 13. Nf3 a5 14. Rfe1 d6
15. Bb5 f4 16. Bd3 Kf7 17. Bc3 Bd7 18. Re6 Nh8 19. Re4 g5 20. Rae1 Rae8 21.
Bxa5 Rxe4 22. Bxe4 c6 23. Bc3 Ng6 24. b4 Bb6 25. Rd1 Bc7 26. a4 Re8 27. dxc6
bxc6 28. Bxg6+ Kxg6 29. Ne5+ dxe5 30. Rxd7 Bb8 31. a5 e4 32. a6 e3 33. fxe3
fxe3 34. a7 Bxa7 35. Rxa7 e2 36. Kf2 Re6 37. g4 h5 38. h3 hxg4 39. hxg4 Re4 40.
Be1 Rxg4 41. Kxe2 Re4+ 42. Kf2 Rc4 43. c3 Kf5 44. Bd2 g4 45. Rg7 Kf6 46. Rg8
Kf5 47. Ke2 Kf6 48. Kd3 {Normal} 1-0

[Event "Rated Blitz game"]
[Site "?"]
[Date "2021.06.06"]
[Round "?"]
[White "forbiddencheapos"]
[Black "ListeningLava06"]
[Result "1-0"]
[WhiteElo "2418"]
[BlackElo "2321"]
[PlyCount "131"]
[EventDate "2021.??.??"]
[EventType "blitz"]
[TimeControl "300"]

1. e4 e5 2. Nf3 Nf6 3. Nc3 Nc6 4. Nxe5 Nxe5 5. d4 Nc6 6. d5 Nb8 7. e5 Ng8 8. d6
a6 9. Bc4 cxd6 10. exd6 Qb6 11. Qd5 Qxd6 12. Qxf7+ Kd8 13. Bg5+ Nf6 14. Nd5
Qe5+ 15. Kf1 Qxg5 16. Re1 Nxd5 17. Re8+ Kc7 18. Bxd5 Qc1+ 19. Re1 Qg5 20. h4
Qf6 21. Qe8 Bc5 22. Qe2 Re8 23. Qd2 Rxe1+ 24. Qxe1 d6 25. b4 Bxf2 26. Qxf2
Qxf2+ 27. Kxf2 Nd7 28. Rh3 Nf6 29. Rc3+ Kd8 30. Bf3 Ng4+ 31. Kg3 Ne5 32. Be4 g6
33. Kf4 Rb8 34. Kg5 Be6 35. a4 Kd7 36. Kh6 Rc8 37. Rxc8 Kxc8 38. Kxh7 Kd7 39.
Bxg6 Nxg6 40. Kxg6 Ba2 41. c3 Bb1+ 42. Kg7 Ke6 43. g4 Bd3 44. h5 Bc2 45. h6 Ke5
46. g5 Kf4 47. g6 Kg5 48. h7 Bxg6 49. h8=Q Kf5 50. Qf8+ Kg5 51. Qf6+ Kg4 52.
Qxg6+ Kf4 53. Qxd6+ Ke3 54. Qe5+ Kd2 55. c4 Kc2 56. c5 Kb3 57. b5 axb5 58. axb5
Kb4 59. c6 bxc6 60. bxc6 Kb3 61. c7 Kc2 62. c8=Q+ Kb1 63. Qb5+ Ka2 64. Qcb7 Ka1
65. Qb4 Ka2 66. Qb3+ {Time forfeit} 1-0

[Event "Rated Blitz game"]
[Site "?"]
[Date "2021.06.06"]
[Round "?"]
[White "vladlitus"]
[Black "ChSalas"]
[Result "1-0"]
[WhiteElo "2443"]
[BlackElo "2474"]
[PlyCount "123"]
[EventDate "2021.??.??"]
[EventType "blitz"]
[TimeControl "180"]

1. e4 e5 2. Nc3 Nf6 3. Nf3 Nc6 4. Nxe5 Nxe5 5. d4 d6 6. dxe5 dxe5 7. Qxd8+ Kxd8
8. Bc4 Be6 9. Bxe6 fxe6 10. f3 Bb4 11. Bd2 Ke7 12. O-O-O Rhd8 13. Nb1 Bc5 14.
Rhe1 Rd7 15. Bc3 Bd4 16. Rd3 c5 17. Na3 Nh5 18. g3 g5 19. Nc4 Kf6 20. a4 Rad8
21. Bd2 b6 22. c3 Bf2 23. Rxd7 Rxd7 24. Re2 Bxg3 25. hxg3 Nxg3 26. Rg2 Nxe4 27.
fxe4 Rg7 28. Rh2 g4 29. Kd1 g3 30. Rh6+ Ke7 31. Be3 g2 32. Bg1 Rf7 33. Ke2 Rf1
34. Rxh7+ Kf6 35. Bf2 g1=Q 36. Bxg1 Rxg1 37. Rh6+ Ke7 38. Rh7+ Kf6 39. Rxa7 Rg4
40. Kf3 Rf4+ 41. Ke3 Rh4 42. Rb7 Rh3+ 43. Ke2 Kg5 44. Nxe5 Kf4 45. Nd3+ Kg5 46.
Rxb6 c4 47. Nf2 Rh6 48. a5 Kf4 49. a6 Rh8 50. a7 Ra8 51. Ra6 Ke5 52. Ke3 Kf6
53. Kd4 Ke7 54. Kxc4 Kd7 55. Nd3 Kc7 56. Nc5 e5 57. b4 Kc8 58. Kd5 Kc7 59. b5
Kc8 60. b6 Rxa7 61. Rxa7 Kb8 62. Rh7 {Time forfeit} 1-0